Women in dark times (Record no. 1224850)

MARC details
000 -LEADER
fixed length control field 00586nam a2200217Ia 4500
005 - DATE AND TIME OF LATEST TRANSACTION
control field 20241129104211.0
008 - FIXED-LENGTH DATA ELEMENTS--GENERAL INFORMATION
fixed length control field 241129s9999||||xx |||||||||||||| ||und||
020 ## - INTERNATIONAL STANDARD BOOK NUMBER
International Standard Book Number 9781408845165
037 ## - SOURCE OF ACQUISITION
Stock number Textual
040 ## - CATALOGING SOURCE
Original cataloging agency RTL
Language of cataloging eng
Transcribing agency RTL
041 ## - LANGUAGE CODE
Language code of text/sound track or separate title eng
Source of code eng
084 ## - COLON CLASSIFICATION NUMBER
Classification number Y15:3(W:5).1 Q4
Assigning agency RTL
100 ## - MAIN ENTRY--PERSONAL NAME
Personal name Rose Jacqueline
245 #0 - TITLE STATEMENT
Title Women in dark times
Statement of responsibility, etc. Rose Jacqueline
260 ## - PUBLICATION, DISTRIBUTION, ETC.
Place of publication, distribution, etc. London
Name of publisher, distributor, etc. Bloomsbury
Date of publication, distribution, etc. 2014
300 ## - PHYSICAL DESCRIPTION
Extent xii,339p.
365 ## - TRADE PRICE
Price type code INR
Price amount 1514.89
650 ## - SUBJECT ADDED ENTRY--TOPICAL TERM
Topical term or geographic name entry element Gender Studies
942 ## - ADDED ENTRY ELEMENTS (KOHA)
Koha item type Textbook
Classification part Y15:3(W:5).1 Q4
Holdings
Withdrawn status Lost status Damaged status Not for loan Home library Current library Date acquired Source of acquisition Cost, normal purchase price Inventory number Total Checkouts Full call number Barcode Date last seen Price effective from Koha item type
        Ratan Tata Library Ratan Tata Library 2024-11-29 Ashutosh Technical Book 1514.89 8035 & 21/02/2023   Y15:3(W:5).1 Q4 RT1502786 2024-11-29 2024-11-29 Textbook
Copyright @ Delhi University Library System